Dirección y gestión de empresas del sector turístico /

Contenido: La empresa y el empresario: especial referencia a la organización y gestión de empresas turísticas; Economía de la empresa turística; Administración de empresas turísticas; Gestión de empresas del sector turístico; Crecimiento e internacionalización empresarial: especial referencia al sec...

詳細記述

保存先:
書誌詳細
第一著者: Martín Rojo, Inmaculata (autor)
その他の著者: Bayón Mariné, Fernando (prólogo) (prólogo)
フォーマット: 図書
言語:スペイン語
出版事項: Madrid, España : Pirámide, 2000, c2000
シリーズ:(Economía y Empresa Pirámide)
主題:
タグ: タグ追加
タグなし, このレコードへの初めてのタグを付けませんか!

MARC

LEADER 00000nam^a2200000^a^4500
001 000186903
005 20250521000000.0
009 20260310102243.783
020 |a 84-368-1492-4 
037 |a Acervo ITESO - Biblioteca 
041 |a ESP 
082 |a 910. 1068  |b MAR 
100 |a Martín Rojo, Inmaculata  |e (autor) 
245 1 0 |a Dirección y gestión de empresas del sector turístico /  |c I. Martín Rojo ; pról. de F. Bayón Mariné. 
264 4 |a Madrid, España :  |b Pirámide,  |c 2000, c2000 
300 |a 478 p. 
336 |a texto  |b txt  |2 rdacontenido 
337 |a sin mediación  |b n  |2 rdamedio 
338 |a volumen  |b nc  |2 rdasoporte 
440 |a (Economía y Empresa Pirámide) 
520 |a Contenido: La empresa y el empresario: especial referencia a la organización y gestión de empresas turísticas; Economía de la empresa turística; Administración de empresas turísticas; Gestión de empresas del sector turístico; Crecimiento e internacionalización empresarial: especial referencia al sector turístico; Creación de empresas turísticas. 
649 |a XX 
650 |a Turismo -  |x Administración 
650 |a Formación de Empresas 
650 |a Empresas -  |x Administración 
650 |a Mercadotecnia de Servicios 
650 |a Ciencias Administrativas 
700 |a Bayón Mariné, Fernando  |e (prólogo) 
910 |a Fondo General 
920 |a Impresos - Libros 
930 |a Colección General 
905 |a 101 
901 |a 0500128815  |b IT1  |c ACC  |u 20250521 
902 |a https://opac.biblio.iteso.mx/vufind/Record/000186903